000 00288nam a2200109Ia 4500
008 190216s9999||||xx |||||||||||||| ||und||
100 _aRamakrishna Pilla
245 0 _aMalayalam-General-Vrithanda Pathra Pravarthanam
260 _bKerala Press Academi
650 _aMalayalam
942 _cBK
999 _c25560
_d25560